Statistics for All FIFA World Cup Host Cities

Click here to take the quiz!

General Stats

  • This quiz has been taken 106 times
    (48 since last reset)
  • The average score is 133 of 238

Answer Stats

YearCity% Correct
Rome
100%
1930Montevideo
100%
Rome
100%
Madrid
97%
Milan
97%
Rio de Janeiro
97%
Barcelona
94%
Mexico City
94%
Munich
94%
São Paulo
94%
1978 | 2030 (Commemorative)Buenos Aires
91%
London
91%
Manchester
91%
Moscow
91%
Paris
91%
Seoul
91%
Seville
91%
2006Berlin
89%
Cape Town
89%
Johannesburg
89%
Lyon
89%
Naples
89%
Porto
89%
Brasília
86%
Hamburg
86%
2030 (Portugal)Lisbon
86%
Liverpool
86%
Marseille
86%
2026 (Canada)Toronto
86%
Turin
86%
Valencia
86%
1966Birmingham
83%
Doha
83%
Saint Petersburg
83%
Santiago
83%
Vancouver
83%
1974Dortmund
80%
Frankfurt
80%
Los Angeles
80%
New York/New Jersey
80%
Pasadena
80%
2026 (USA)Atlanta
77%
Cologne
77%
Florence
77%
Osaka
77%
Palermo
77%
Toulouse
77%
Bilbao
74%
1994Chicago
74%
Dallas
74%
Durban
74%
Düsseldorf
74%
Leipzig
74%
Lille
74%
Miami
74%
Yokohama
74%
East Rutherford
71%
1970 | 1986 | 2026 (Mexico)Guadalajara
71%
Stuttgart
71%
1990Bari
69%
1950 | 2014Belo Horizonte
69%
Bern
69%
1934Bologna
69%
Bordeaux
69%
Genoa
69%
Hanover
69%
Malaga
69%
Málaga
69%
Philadelphia
69%
Pretoria
69%
Rabat
69%
Recife
69%
Seattle
69%
Sheffield
69%
Verona
69%
Zürich
69%
Boston
66%
2002 (South Korea)Busan
66%
Casablanca
66%
Foxborough
66%
Houston
66%
Zaragoza
66%
2010Bloemfontein
63%
Geneva
63%
Gothenburg
63%
Marrakech
63%
Monterrey
63%
Nantes
63%
Rosario
63%
Fes
60%
Nuremberg
60%
San Francisco
60%
Washington D.C.
60%
Malmö
57%
Manaus
57%
Stanford
57%
Strasbourg
57%
1954Basel
54%
Córdoba
54%
Montpellier
54%
Porto Alegre
54%
Sochi
54%
Pontiac
51%
Port Elizabeth
51%
Rostov-on-Don
51%
Saint-Étienne
51%
Sapporo
51%
1982A Coruña
49%
Kazan
49%
Saint-Denis
49%
Salvador
49%
Yekaterinburg
49%
Curitiba
46%
Gelsenkirchen
46%
Orlando
46%
Reims
46%
Tangier
46%
Vigo
46%
Cagliari
43%
Fortaleza
43%
Murcia
43%
Nizhny Novgorod
43%
Volgograd
43%
Alicante
40%
2018Kaliningrad
40%
Kobe
40%
Lausanne
40%
León
40%
Middlesbrough
40%
Samara
40%
Sunderland
40%
Incheon
37%
Kansas City
37%
Valladolid
37%
2030 (Morocco)Agadir
34%
Las Palmas
34%
Puebla
34%
Le Havre
31%
Lugano
31%
Lusail
31%
Natal
31%
San Sebastián
31%
Udine
31%
Daegu
29%
Gijón
29%
Kaiserslautern
29%
Lens
29%
Saransk
29%
La Coruña
26%
Mendoza
26%
Helsingborg
23%
Ulsan
23%
Cuiabá
20%
Elche
20%
Toluca
20%
Trieste
20%
2022Al Khor
17%
Daejeon
17%
Norrköping
17%
Örebro
17%
Oviedo
17%
Al Rayyan
14%
Gwangju
14%
Halmstad
14%
Niigata
14%
Ōita
14%
Polokwane
14%
Querétaro
14%
Rustenburg
14%
Solna
14%
Suwon
14%
Västerås
14%
Viña del Mar
14%
Mar del Plata
11%
Nelspruit
11%
Saitama
11%
1938Antibes
9%
1962Arica
9%
Colombes
9%
Eskilstuna
9%
2002 (Japan)Kashima
9%
Seogwipo
9%
Zapopan
9%
Al Wakrah
6%
1958Borås
6%
Irapuato
6%
Jeonju
6%
Nezahualcóyotl
6%
Rancagua
6%
Sandviken
6%
San Nicolás de los Garza
6%
Shizuoka
6%
Uddevalla
6%
West Berlin
6%
Luque
3%
Miyagi
3%

Score Distribution

Percentile by Number Answered

Percent of People with Each Score

Your Score History

You have not taken this quiz since the last reset